[Event "AUTO-ADV-4545"]
[Site "http://www.queenalice.com/game.php?id=1771341"]
[Date "2021.10.3"]
[Round "1"]
[White "fbg"]
[Black "akleetch"]
[Result "0-1"]
[WhiteElo "1811"]
[BlackElo "1748"]

1. e4 e5 2. Nf3 Nc6 3. Nc3 Nf6 4. a3 Bc5 5. Bb5 Nd4 6. Nxe5 O-O 7. Ne2 Nxb5 8.
Ng3 d6 9. Nd3 Bb6 10. O-O c5 11. h3 Re8 12. Qf3 Nd4 13. Qd1 Nxe4 14. Nxe4 Rxe4
15. Re1 Rh4 16. b3 Qg5 17. g3 Rxh3 18. Re3 Bg4 19. Qe1 Nf3+ 20. Rxf3 Bxf3 21.
Qe3 Rh1# 0-1

[Event "AUTO-ADV-4545"]
[Site "http://www.queenalice.com/game.php?id=1771342"]
[Date "2021.10.3"]
[Round "1"]
[White "akleetch"]
[Black "fbg"]
[Result "0-1"]
[WhiteElo "1826"]
[BlackElo "1731"]

1. e4 e5 2. Nc3 Nf6 3. a3 Nc6 4. Nf3 Bc5 5. h3 h6 6. Bc4 a6 7. d3 b5 8. Bb3 d6
9. Be3 Bxe3 10. fxe3 O-O 11. d4 exd4 12. exd4 Qe7 13. O-O Bb7 14. Re1 b4 15. Na2
bxa3 16. bxa3 Na5 17. e5 dxe5 18. Nxe5 Qxa3 19. Re3 Qe7 20. Qd2 Qd6 21. Qxa5
Qxd4 22. Qc3 Qxc3 23. Nxc3 Rad8 24. Rf1 Rd2 25. Rf2 Rxf2 26. Kxf2 c6 27. Na4 Nd5
28. Rg3 f6 29. Ng6 Re8 30. Nc5 Bc8 31. Nd3 a5 32. Ndf4 a4 33. Ba2 Kh7 34. Nd3
Nc3 35. Bf7 Rd8 36. Ndf4 Ne4+ 37. Kf3 Nxg3 38. Kxg3 a3 39. Kf2 Bf5 40. g3 Bxc2
41. Ne6 Rb8 42. Ngf4 a2 0-1

[Event "Challenge"]
[Site "http://www.queenalice.com/game.php?id=1771396"]
[Date "2021.10.4"]
[Round "-"]
[White "fbg"]
[Black "Nigel68"]
[Result "0-1"]
[WhiteElo "1762"]
[BlackElo "1791"]

1. e4 c6 2. Nc3 d6 3. d4 Nf6 4. Nf3 b6 5. h3 e6 6. Bd3 Be7 7. Be3 Bb7 8. e5 Nfd7
9. Qd2 h6 10. exd6 Bxd6 11. g4 Qe7 12. a4 c5 13. Nh2 Bxh1 14. O-O-O Bc6 15. dxc5
Bxh2 16. f4 Bg3 17. cxb6 axb6 18. Rg1 Bh4 19. b3 Qa3+ 20. Kd1 Qa1+ 21. Ke2 Qa3
22. f5 O-O 23. fxe6 fxe6 24. g5 hxg5 25. Rf1 Rxf1 26. Kxf1 Qf8+ 27. Kg1 Qf3 28.
Bf2 Qg2# 0-1

[Event "AUTO-OPEN-4337"]
[Site "http://www.queenalice.com/game.php?id=1779562"]
[Date "2022.1.8"]
[Round "1"]
[White "Lamorteoscura"]
[Black "fbg"]
[Result "0-1"]
[WhiteElo "1837"]
[BlackElo "1735"]

1. d4 d5 2. Nf3 Nc6 3. c4 Bg4 4. Qa4 dxc4 5. e3 Bxf3 6. gxf3 Qd5 7. Be2 Qa5+ 8.
Qxa5 Nxa5 9. Bd2 b6 10. Bxa5 bxa5 11. Nc3 e6 12. Bxc4 Bb4 13. Bb5+ Ke7 14. Ke2
Rb8 15. Rab1 Nf6 16. a3 Bxc3 17. bxc3 Rhd8 18. e4 a6 0-1

[Event "AUTO-OPEN-4337"]
[Site "http://www.queenalice.com/game.php?id=1779563"]
[Date "2022.1.8"]
[Round "1"]
[White "fbg"]
[Black "BGM9"]
[Result "0-1"]
[WhiteElo "1751"]
[BlackElo "1763"]

1. e4 c5 2. c4 Nc6 3. Nf3 g6 4. Bd3 Bg7 5. O-O e6 6. a3 Nge7 7. Nc3 O-O 8. Re1
d6 9. Qc2 a6 10. a4 Nd4 11. Nxd4 Bxd4 12. Ne2 Nc6 13. h3 Qf6 14. Rf1 e5 15. Nxd4
Nxd4 16. Qd1 Qh4 17. b3 Bxh3 18. gxh3 Qxh3 19. f3 Qg3+ 20. Kh1 Ne6 21. Qe2 Nf4
22. Qh2 Qxh2+ 23. Kxh2 Nxd3 24. Rb1 f5 25. exf5 Rxf5 26. Kg2 Rg5+ 27. Kh1 Rf8
28. Bb2 Rf4 29. Bc3 Rh4# 0-1

[Event "AUTO-OPEN-4337"]
[Site "http://www.queenalice.com/game.php?id=1779564"]
[Date "2022.1.8"]
[Round "1"]
[White "BGM9"]
[Black "fbg"]
[Result "1-0"]
[WhiteElo "1796"]
[BlackElo "1755"]

1. d4 d5 2. c4 dxc4 3. e3 e5 4. Bxc4 e4 5. Qb3 Nh6 6. Bd5 Qe7 7. Bxb7 Qe6 8.
Qxe6+ fxe6 9. Bxa8 Bd6 10. Bxe4 O-O 11. Nf3 Na6 12. Bd2 Bd7 13. Nc3 Nb4 14. a3
Nc6 15. Ng5 g6 16. Nxe6 Bxe6 17. Bxc6 Nf5 18. d5 Ne7 19. Bb7 Bc8 20. Bxc8 c6 21.
Be6+ Kg7 22. O-O Rb8 23. b4 c5 24. Ne4 Be5 25. Bc3 Bxc3 26. Nxc3 Kf6 27. Ne4+
Kg7 28. bxc5 h5 29. c6 Rb2 30. c7 Rc2 31. d6 Rc6 32. dxe7 Rxe6 33. c8=Q Rxe7 34.
Qc3+ Kh6 35. Qh8+ Rh7 36. Qf8+ Rg7 37. Rab1 h4 38. Rb7 Kh5 39. Qxg7 Kg4 40.
Qxg6# 1-0

[Event "AUTO-OPEN-4337"]
[Site "http://www.queenalice.com/game.php?id=1779565"]
[Date "2022.1.8"]
[Round "1"]
[White "fbg"]
[Black "Fischercat"]
[Result "0-1"]
[WhiteElo "1723"]
[BlackElo "1769"]

1. e4 e5 2. Nf3 d6 3. h3 Be7 4. Nc3 Nf6 5. Bd3 O-O 6. b4 a6 7. O-O Nc6 8. a3 Nh5
9. Nh2 Nf4 10. Qf3 Nd4 11. Qd1 c6 12. a4 Bh4 13. g3 Nxh3+ 14. Kg2 Qg5 15. Ne2
Nf4+ 16. Kh1 Bh3 17. Rg1 Qh5 18. Nxf4 Qxd1 19. Rxd1 exf4 20. gxh4 Rae8 21. f3
Re6 22. Ng4 Nxf3 23. Nf2 Rg6 24. Nxh3 Rg3 25. Bf1 f5 26. exf5 Rxf5 27. d4 Nxh4
28. Bb2 Nf3 29. Bg2 Nh4 30. Rg1 Nxg2 31. Rxg2 Rxh3+ 32. Kg1 f3 33. Rf2 Rg5+ 34.
Rg2 Rxg2+ 35. Kf1 Rh1# 0-1

[Event "AUTO-OPEN-4337"]
[Site "http://www.queenalice.com/game.php?id=1779566"]
[Date "2022.1.8"]
[Round "1"]
[White "Fischercat"]
[Black "fbg"]
[Result "1-0"]
[WhiteElo "1753"]
[BlackElo "1741"]

1. d4 d5 2. e3 Nf6 3. h3 Bf5 4. Bd3 Bxd3 5. cxd3 Qd6 6. Nf3 h6 7. O-O Nc6 8. Nc3
e6 9. b3 a6 10. Bb2 Be7 11. a4 b6 12. Ba3 Qd7 13. Ne5 Nxe5 14. dxe5 d4 15. exd4
Bxa3 16. Rxa3 Nd5 17. Nxd5 Qxd5 18. Qg4 O-O 19. b4 Rad8 20. Rc3 Qxd4 21. Qxd4
Rxd4 22. Rxc7 Rxb4 23. Ra1 Rd4 24. Rc6 Rxd3 25. Rxb6 Rd5 26. Rxa6 Rxe5 27. a5
Rd5 28. Rb6 Rfd8 29. a6 Ra8 30. Rb7 Rdd8 31. a7 g5 32. Rab1 Rf8 33. Rc1 f5 34.
Rcc7 Rac8 35. Rg7+ Kh8 36. Rh7+ Kg8 37. Rbg7# 1-0

[Event "Challenge"]
[Site "http://www.queenalice.com/game.php?id=1779641"]
[Date "2022.1.8"]
[Round "-"]
[White "noroc"]
[Black "fbg"]
[Result "1-0"]
[WhiteElo "2239"]
[BlackElo "1725"]

1. e4 e5 2. Nf3 Nc6 3. Bc4 Nf6 4. O-O Nxe4 5. Nc3 Nxc3 6. dxc3 h6 7. Qd5 Qe7 8.
Re1 f6 9. Nh4 Qe6 10. Qe4 d5 11. Qg6+ Kd8 12. Bd3 Ne7 13. Qg3 Bd7 14. b4 e4 15.
c4 Qe5 16. Qxe5 fxe5 17. Bxe4 dxe4 18. Rxe4 Be6 19. Be3 Bf5 20. Nxf5 Nxf5 21.
Rd1+ Ke7 22. Rxe5+ Kf6 23. Rdd5 g6 24. Re4 Bxb4 25. Rb5 Nd6 26. Bd4+ Kf7 27.
Rf4+ Nf5 28. Bxh8 Rd8 29. g4 Bd6 30. Rf3 Rxh8 31. gxf5 gxf5 32. Rxb7 Rg8+ 33.
Kh1 Kf6 34. Rxa7 c5 35. Ra6 Ke5 36. Rg3 Rb8 37. Re3+ Kd4 38. Ra4 Rb2 39. c3# 1-0

[Event "Challenge"]
[Site "http://www.queenalice.com/game.php?id=1784901"]
[Date "2022.3.15"]
[Round "-"]
[White "noroc"]
[Black "fbg"]
[Result "1-0"]
[WhiteElo "2278"]
[BlackElo "1707"]

1. d4 d5 2. Nf3 Nc6 3. c4 dxc4 4. d5 Nb4 5. Qa4+ c6 6. Qxb4 cxd5 7. Qb5+ Qd7 8.
Nc3 Nf6 9. Ne5 Qxb5 10. Nxb5 Rb8 11. Bf4 Ra8 12. Nc7+ Kd8 13. Nxf7+ Kd7 14. Nxh8
b5 15. Nxa8 e6 16. Nc7 Bd6 17. Bxd6 Kxd6 18. Nxb5+ Kc5 19. Nxa7 Bd7 20. a4 Kb6
21. Nb5 Ka5 22. e3 Kb4 23. Be2 Kb3 24. O-O Ne4 25. f3 Nc5 26. Nc3 Bc6 27. a5
Kxb2 28. Rfc1 Nb3 29. Rab1+ Ka3 30. Rc2 Kb4 31. a6 Kc5 32. Nf7 g6 33. Ne5 Ba8
34. Na2 g5 35. Rxb3 Kd6 36. Nf7+ Ke7 37. Rb7+ Bxb7 38. axb7 Kxf7 39. b8=Q h5 40.
Qe5 g4 41. Qxh5+ Ke7 42. Qxg4 Kd6 43. h4 Ke7 44. h5 Kf7 45. h6 e5 46. h7 d4 47.
Bxc4+ Kf6 48. h8=Q+ Ke7 49. Qe6# 1-0

[Event "Challenge"]
[Site "http://www.queenalice.com/game.php?id=1787338"]
[Date "2022.4.20"]
[Round "-"]
[White "fbg"]
[Black "noroc"]
[Result "0-1"]
[WhiteElo "1709"]
[BlackElo "2277"]

1. e4 e5 2. a3 Nf6 3. Nc3 Nc6 4. Nf3 Be7 5. d3 O-O 6. h3 d6 7. Be3 Bd7 8. Be2
Be6 9. Qd2 d5 10. exd5 Nxd5 11. O-O Re8 12. d4 exd4 13. Bxd4 Nxd4 14. Nxd4 Nxc3
15. Qxc3 Bf6 16. Rad1 Qe7 17. Bf3 c5 18. Nxe6 Bxc3 19. Nf4 Bxb2 20. Rd3 Rad8 21.
Be2 Bxa3 22. Rxa3 g5 23. Nd3 Qxe2 24. Re1 Qxc2 25. Re3 Rxe3 26. fxe3 Rxd3 27.
Rxa7 Rd2 28. Rxb7 Rxg2+ 29. Kh1 Rh2+ 30. Kg1 Qf2# 0-1

[Event "Challenge"]
[Site "http://www.queenalice.com/game.php?id=1789682"]
[Date "2022.5.28"]
[Round "-"]
[White "dosoldini"]
[Black "fbg"]
[Result "0-1"]
[WhiteElo "1677"]
[BlackElo "1705"]

1. c3 e5 2. e4 Nf6 3. Bd3 a6 4. h3 h6 5. b4 b5 6. Na3 Bd6 7. Rb1 Nc6 8. Nf3 Qe7
9. Be2 Bb7 10. d4 Nxe4 11. Qd3 exd4 12. Nxd4 O-O 13. O-O Ne5 14. Qe3 g6 15. c4
bxc4 16. Qxh6 Qf6 17. f3 Ng3 18. Bg5 Nxe2+ 19. Nxe2 Qh8 20. Qxh8+ Kxh8 21. Bf6+
Kh7 22. Bxe5 Bxe5 23. Nxc4 Bf6 24. Rbd1 Bc6 25. Nd6 cxd6 26. g4 Rfe8 27. Nf4 Bb5
28. Nd5 Bxf1 29. Nxf6+ Kh6 30. Nxe8 Rxe8 31. Rxf1 d5 32. a4 g5 33. Rd1 Re5 34.
Rb1 Re3 35. Rf1 Rb3 36. f4 f6 37. fxg5+ Kxg5 38. Rf5+ Kg6 39. Rxd5 Rxb4 40. Ra5
Rb6 41. Rd5 Rb4 42. Rxd7 Rxa4 43. Kg2 Ra3 44. Rd6 Kg5 45. Rd5+ Kg6 46. Rf5 a5
47. h4 Ra2+ 48. Kg3 Ra3+ 49. Kg2 a4 50. h5+ Kg7 51. g5 fxg5 52. Rxg5+ Kh6 53.
Rg4 Kxh5 54. Rxa4 Rxa4 55. Kf3 Kh4 56. Ke3 Kg4 57. Kd3 Kf4 58. Kc3 Ke4 59. Kb3
Rd4 60. Kc2 Rd3 0-1

[Event "Challenge"]
[Site "http://www.queenalice.com/game.php?id=1793043"]
[Date "2022.7.23"]
[Round "-"]
[White "jorm"]
[Black "fbg"]
[Result "1/2-1/2"]
[WhiteElo "1881"]
[BlackElo "1720"]

1. e4 e5 2. Nc3 Nf6 3. d4 exd4 4. Qxd4 Nc6 5. Qd1 Bb4 6. Bd2 d6 7. Bd3 Be6 8. a3
Bxc3 9. Bxc3 Ne5 10. h3 Qe7 11. Nf3 O-O-O 12. Nxe5 dxe5 13. Bxe5 a6 14. Qf3 Rhg8
15. O-O Rh8 16. c4 Rhg8 17. Bh2 Rd4 18. b4 Bxc4 19. Bxc4 Rxc4 20. Qf5+ Qe6 21.
Qxe6+ fxe6 22. f3 b6 23. Bg3 Nh5 24. Bf2 Nf4 25. Be1 g5 26. Bd2 Ne2+ 27. Kh2 h6
28. Rf2 Nd4 29. f4 Rf8 30. g3 Nb3 31. Rb1 Nxd2 32. Rxd2 gxf4 33. Re1 fxg3+ 34.
Kg2 Rc3 35. a4 Kb7 36. Rde2 Rff3 37. Rf1 Rxf1 38. Kxf1 e5 39. Kg2 h5 40. h4 c6
41. Re1 c5 42. bxc5 bxc5 43. Rf1 Kb6 44. Rf5 Re3 45. Rxe5 c4 46. a5+ Ka7 47.
Rxh5 c3 48. Rc5 Rxe4 49. h5 Rh4 50. Kxg3 Rh1 51. Rxc3 Rxh5 52. Ra3 Rh6 53. Kf4
Rh5 54. Ke4 Rg5 55. Kd4 Rh5 56. Kc4 Rh4+ 57. Kc5 Rh7 58. Rb3 Rh6 59. Rd3 Rh7 60.
Rd6 Rh5+ 61. Kb4 Rg5 62. Rc6 Rf5 63. Rc5 Rf6 64. Rd5 Rc6 65. Rc5 Rd6 66. Kc4 Kb7
67. Kb4 Rd7 68. Kc4 Rd6 69. Rd5 Rc6+ 70. Rc5 Rd6 1/2-1/2

[Event "Challenge"]
[Site "http://www.queenalice.com/game.php?id=1815879"]
[Date "2023.7.7"]
[Round "-"]
[White "matamuff"]
[Black "fbg"]
[Result "0-1"]
[WhiteElo "1810"]
[BlackElo "1695"]

1. Nf3 Nc6 2. c4 b6 3. g3 e5 4. d3 h6 5. Bg2 Qe7 6. e4 Nf6 7. O-O d6 8. Nc3 a6
9. a3 Bg4 10. h3 Bxf3 11. Bxf3 Qe6 12. Bg2 Nd4 13. b4 c6 14. Ne2 Nxe2+ 15. Qxe2
Be7 16. f4 O-O-O 17. Be3 Kb7 18. f5 Qd7 19. Rfb1 h5 20. Qf2 Qc7 21. a4 Ra8 22.
a5 b5 23. Bb6 Qd7 24. c5 dxc5 25. Bxc5 Bxc5 26. Qxc5 Qc7 27. Bf3 Nd7 28. Qe7 Nf6
29. Qxc7+ Kxc7 30. Rc1 Rhd8 31. Be2 Rd4 32. Kf2 Rxb4 33. Rcb1 Rd4 34. Ke3 Rad8
35. Rc1 Nd7 36. Bxh5 Rf8 37. Bg4 f6 38. Be2 Rg8 39. Rg1 g6 40. g4 g5 41. Rgc1
Kd6 42. Ra2 Rc8 43. Rac2 Rc7 44. Ra2 b4 45. Rc4 b3 46. Rb2 Rb7 47. Rxd4+ exd4+
48. Kxd4 Rb4+ 49. Kc3 Kc5 50. Rxb3 Ra4 51. Rb7 Ne5 52. Rb6 Ra3+ 53. Rb3 Rxb3+
54. Kc2 Kb4 55. d4 Rc3+ 56. Kd2 Nc4+ 0-1

[Event "Challenge"]
[Site "http://www.queenalice.com/game.php?id=1815880"]
[Date "2023.7.7"]
[Round "-"]
[White "fbg"]
[Black "matamuff"]
[Result "0-1"]
[WhiteElo "1721"]
[BlackElo "1853"]

1. e4 d6 2. d4 g6 3. d5 Bg7 4. Nf3 a6 5. h3 e5 6. Nc3 Nh6 7. Bd3 f6 8. Bxh6 Bxh6
9. O-O O-O 10. a4 Nd7 11. b4 b6 12. b5 a5 13. g4 g5 14. Qe2 Rf7 15. Bc4 Nf8 16.
Kg2 Ng6 17. Kg3 Nf4 18. Qe3 Bd7 19. Qe1 Qe7 20. Ne2 Ng6 21. Rd1 Raf8 22. Rh1 Nf4
23. Nc3 Rg7 24. Ne2 Ng6 25. Nc3 Nf4 26. Ne2 Kh8 27. Rb1 Ng6 28. Qd1 Qe8 29. Rb3
Qc8 30. Nd2 Nh4 31. Nf3 Ng6 32. Qa1 Be8 33. Qa3 Bd7 34. Qb2 Nh4 35. c3 Be8 36.
Nxh4 gxh4+ 37. Kf3 Bd7 38. Qb1 Rfg8 39. Rg1 Bxg4+ 40. hxg4 Rxg4 41. Rxg4 Qxg4#
0-1

[Event "Challenge"]
[Site "http://www.queenalice.com/game.php?id=1815881"]
[Date "2023.7.7"]
[Round "-"]
[White "Esvir"]
[Black "fbg"]
[Result "1-0"]
[WhiteElo "2007"]
[BlackElo "1726"]

1. e4 e5 2. Nf3 Nc6 3. Bc4 Nf6 4. Nc3 a6 5. Ng5 d5 6. exd5 h6 7. Nxf7 Kxf7 8.
dxc6+ Ke7 9. cxb7 Bxb7 10. O-O Bd5 11. Nxd5+ Nxd5 12. Qh5 Qd6 13. Re1 Nf4 14.
Rxe5+ Kd7 15. Qf5+ Kc6 16. Qxf4 Re8 17. Qf3+ Kd7 18. Rd5 Kc8 19. Rxd6 Bxd6 20.
g3 Kd7 21. d4 Re1+ 22. Kg2 Ree8 23. Be3 a5 24. Bb5+ Ke7 25. Bxe8 Kxe8 26. Qa8+
1-0

[Event "Challenge"]
[Site "http://www.queenalice.com/game.php?id=1815883"]
[Date "2023.7.7"]
[Round "-"]
[White "sunking09"]
[Black "fbg"]
[Result "0-1"]
[WhiteElo "1296"]
[BlackElo "1716"]

1. e3 e5 2. d4 exd4 3. e4 Nc6 4. Bd3 d5 5. exd5 Nb4 6. Na3 Nxd5 7. Nf3 c5 8.
Bb5+ Bd7 9. Bc4 Qe7+ 10. Qe2 Qxe2+ 11. Bxe2 Nf4 12. Bxf4 h6 13. O-O Nf6 14. c4
Bg4 15. h3 Bd7 16. Bd3 a6 17. Rae1+ Be7 18. Ne5 Nh5 19. g3 Nxf4 20. gxf4 Bxh3
21. Nxf7 Kxf7 22. Re5 Bxf1 23. Kxf1 Kf6 24. Rf5+ Ke6 25. Re5+ Kd7 26. Rd5+ Kc7
27. Re5 Bd6 28. Rd5 Rhf8 29. f5 h5 30. Nc2 h4 31. Kg2 Kc6 32. a3 a5 33. b4 cxb4
34. axb4 axb4 35. Rxd4 b3 36. Ne3 Rh8 37. Be4+ Kc7 38. Nd5+ Kb8 39. Nb6 h3+ 40.
Kg1 Ra1+ 41. Bb1 Bc5 42. Rd7 Rxb1+ 43. Kh2 Bxb6 44. Rxg7 Bc7+ 45. f4 Bxf4+ 46.
Rg3 Bxg3+ 47. Kxg3 Rf1 48. Kg4 b2 49. Kg5 b1=Q 50. Kf6 Qxf5+ 0-1

[Event "Challenge"]
[Site "http://www.queenalice.com/game.php?id=1815884"]
[Date "2023.7.7"]
[Round "-"]
[White "Nigel68"]
[Black "fbg"]
[Result "1-0"]
[WhiteElo "1751"]
[BlackElo "1718"]

1. e4 e5 2. Nf3 Nc6 3. Bb5 Qf6 4. Nc3 Nge7 5. d3 a6 6. Bg5 Qe6 7. d4 exd4 8.
Nxd4 Nxd4 9. Qxd4 axb5 10. Nxb5 Qc6 11. c4 b6 12. O-O Ng6 13. a4 h6 14. Bd2 f6
15. b3 Bc5 16. Qd3 Ba6 17. Qg3 Kf7 18. Nxc7 Bd6 19. f4 Qxc7 20. Be3 Bc5 21. Rae1
Rae8 22. f5 Qxg3 23. hxg3 Rxe4 24. fxg6+ Ke7 25. Bxc5+ bxc5 26. Rxe4+ Kd6 27.
Rd1+ Kc7 28. Re7 Bc8 29. Rxg7 Kc6 30. Rf7 Rg8 31. Rxf6+ Kc7 32. Rd5 Bb7 33.
Rxc5+ Kd8 34. Re5 Kc7 35. Re7 Kd8 36. Ref7 d5 37. Rxb7 d4 38. g7 h5 39. Rf8+
Rxf8 40. gxf8=Q# 1-0

[Event "Challenge"]
[Site "http://www.queenalice.com/game.php?id=1815885"]
[Date "2023.7.7"]
[Round "-"]
[White "dimitridruloza2012"]
[Black "fbg"]
[Result "1-0"]
[WhiteElo "1746"]
[BlackElo "1710"]

1. g3 e5 2. Bg2 Bc5 3. e3 Nf6 4. b3 Nc6 5. Bb2 d5 6. Nf3 h6 7. Bxe5 Bg4 8. Bb2
Qe7 9. h3 Bxf3 10. Bxf3 O-O-O 11. Nc3 a6 12. Bg4+ Kb8 13. Qe2 Nxg4 14. Qxg4 Rhg8
15. Qh5 d4 16. Na4 b6 17. Nxc5 bxc5 18. Ba3 dxe3 19. fxe3 Qe4 20. O-O-O Qe5 21.
Qxe5 Nxe5 22. Bxc5 a5 23. Rhf1 f6 24. Rf5 Rd5 25. Kb1 Rxc5 26. d4 Rd5 27. Rdf1
Re8 28. dxe5 Rdxe5 29. e4 R8e6 30. R1f4 g5 31. Rxe5 Rxe5 32. Rxf6 Rxe4 33. Rxh6
Re3 34. Ra6 Re5 35. Rg6 Kb7 36. Kb2 c6 37. Kc3 Re3+ 38. Kd4 Rxg3 39. h4 Rg4+ 40.
Kc5 Rg2 41. c4 Rh2 42. hxg5 Rh7 43. Rxc6 Rh5 44. Rg6 Kc7 45. Kd5 Kd7 46. Ke5 Ke7
47. Kf5 Kf7 48. c5 Rh2 49. Rf6+ Kg7 50. a3 Rf2+ 51. Ke5 Rc2 52. c6 Rc5+ 53. Kd6
Rc3 54. c7 Rd3+ 55. Ke7 Re3+ 56. Kd7 Rd3+ 57. Rd6 Rxb3 58. c8=Q Rxa3 59. Qc2 a4
60. Qb2+ Kf8 61. Qxa3 1-0

[Event "Challenge"]
[Site "http://www.queenalice.com/game.php?id=1822452"]
[Date "2023.10.6"]
[Round "-"]
[White "Eggchaser"]
[Black "fbg"]
[Result "1-0"]
[WhiteElo "1913"]
[BlackElo "1703"]

1. b3 e5 2. Bb2 Nc6 3. e3 e4 4. Nc3 Nf6 5. g3 a6 6. Bg2 d5 7. Nge2 Bd6 8. O-O h6
9. Nf4 Bxf4 10. exf4 Bg4 11. f3 exf3 12. Bxf3 Bxf3 13. Qxf3 O-O 14. Rae1 Nd4 15.
Qd1 Qd7 16. Ne2 Nxe2+ 17. Rxe2 Qc6 18. d3 b5 19. Rfe1 Qd6 20. Be5 Qd8 21. Qa1 c5
22. Bxf6 Qxf6 23. Qxf6 gxf6 24. c3 a5 25. d4 c4 26. bxc4 bxc4 27. Rb1 Rfd8 28.
Rb7 h5 29. Ree7 Rf8 30. Ra7 Rae8 31. Rxe8 Rxe8 32. Kf2 f5 33. Rxa5 Rd8 34. Rc5
Kg7 35. a4 f6 36. a5 Kf7 37. a6 Ra8 38. Rc7+ Ke6 39. a7 Kd6 40. Rh7 Ke6 41. Kg2
Rg8 42. Kh3 1-0

[Event "Challenge"]
[Site "http://www.queenalice.com/game.php?id=1826338"]
[Date "2023.12.1"]
[Round "-"]
[White "chessman"]
[Black "fbg"]
[Result "1-0"]
[WhiteElo "1896"]
[BlackElo "1695"]

1. e4 e5 2. Nf3 Nc6 3. Bb5 Qf6 4. O-O Nd4 5. Nxd4 exd4 6. d3 a6 7. Bc4 d6 8. f4
Be6 9. Bxe6 Qxe6 10. Qf3 O-O-O 11. Nd2 d5 12. e5 Nh6 13. Nb3 Qb6 14. f5 Re8 15.
Bxh6 gxh6 16. Qxd5 f6 17. e6 Qd6 18. Qxd6 Bxd6 19. Nxd4 Bc5 20. c3 Re7 21. Kh1
Bxd4 22. cxd4 c6 23. Rf4 Rd8 24. b4 Kc7 25. Rc1 Kb6 26. Kg1 Rd5 27. a4 a5 28.
Rb1 axb4 29. Rxb4+ Kc7 30. g4 b5 31. axb5 cxb5 32. Kf2 Kc6 33. Ke3 Rd8 34. Ke4
Rd5 35. Rf1 Ra7 36. Rc1+ Kd6 37. Rc8 Rg7 38. h3 Ra7 39. Rd8+ 1-0

[Event "Challenge"]
[Site "http://www.queenalice.com/game.php?id=1828750"]
[Date "2024.1.8"]
[Round "-"]
[White "arvo1938"]
[Black "fbg"]
[Result "1-0"]
[WhiteElo "2146"]
[BlackElo "1681"]

1. f4 d5 2. Nf3 h6 3. e3 Nf6 4. Be2 a6 5. O-O Bg4 6. h3 Bxf3 7. Bxf3 e6 8. c4
Ra7 9. cxd5 exd5 10. d4 Bd6 11. Nc3 c6 12. Qc2 Qd7 13. e4 dxe4 14. Nxe4 Nxe4 15.
Qxe4+ Qe7 16. Qxe7+ Bxe7 17. Re1 b5 18. Be3 Rd7 19. Bg4 Rd6 20. Bf2 Nd7 21.
Bxd7+ Rxd7 22. Rac1 O-O 23. Rxc6 Bb4 24. Rec1 Ra7 25. g3 Raa8 26. a3 Bd2 27.
R1c2 Ba5 28. b4 Bd8 29. d5 Bf6 30. d6 Rfd8 31. Kg2 a5 32. bxa5 Rxa5 33. Bb6 Rxa3
34. Bxd8 Bxd8 35. Rc8 b4 36. Rxd8+ Kh7 37. d7 b3 38. Rcc8 Ra2+ 39. Kf3 Kg6 40.
Rc6+ f6 41. Rb8 b2 42. Rc3 h5 43. d8=Q Ra8 44. Qd3+ Kf7 45. Rc7+ 1-0

[Event "Challenge"]
[Site "http://www.queenalice.com/game.php?id=1829238"]
[Date "2024.1.13"]
[Round "-"]
[White "chessman"]
[Black "fbg"]
[Result "1-0"]
[WhiteElo "1945"]
[BlackElo "1687"]

1. e4 e5 2. Nf3 Nc6 3. Bb5 Nd4 4. Bc4 Qf6 5. Nxd4 exd4 6. d3 Bb4+ 7. Bd2 Bxd2+
8. Nxd2 d6 9. O-O Ne7 10. f4 Be6 11. Bxe6 fxe6 12. Qf3 O-O-O 13. Nb3 Nc6 14. a4
a5 15. Qf2 e5 16. fxe5 Qxf2+ 17. Rxf2 dxe5 18. Rf7 g5 19. Raf1 Nb4 20. Nxa5 Nxc2
21. Rg7 Ne3 22. Rff7 Nd1 23. Rxc7+ Kb8 24. Rxb7+ Ka8 25. Nc6 1-0

[Event "Challenge"]
[Site "http://www.queenalice.com/game.php?id=1829476"]
[Date "2024.1.16"]
[Round "-"]
[White "Renie"]
[Black "fbg"]
[Result "0-1"]
[WhiteElo "1486"]
[BlackElo "1679"]

1. c4 c5 2. Nc3 e5 3. d3 Nf6 4. Nf3 Nc6 5. g3 d5 6. cxd5 Nxd5 7. Qc2 Bf5 8. e4
Nxc3 9. Qxc3 Nd4 10. exf5 Nxf3+ 11. Ke2 Nd4+ 12. Kd2 Qg5+ 13. Kd1 Qg4+ 14. Kd2
Qxf5 15. Ke1 Be7 16. Bg2 Nf3+ 17. Bxf3 Qxf3 18. Rg1 Bd6 19. Be3 O-O 20. Qd2 Rad8
21. Rc1 b6 22. Rd1 Qd5 23. b3 a5 24. h4 h5 25. Bg5 f6 26. Be3 Ra8 27. f4 b5 28.
g4 exf4 29. Bxf4 Qd4 30. Be3 Rfe8 31. Ke2 hxg4 32. Rdf1 Bf4 33. Rxg4 Rxe3+ 34.
Kd1 Qa1+ 35. Kc2 Qxf1 36. h5 Re2 37. Rxf4 Rxd2+ 38. Kxd2 Qxf4+ 0-1